| 000 | 00928cam a22003011 4500 | ||
|---|---|---|---|
| 999 |
_c23658 _d23658 |
||
| 001 | 8446017 | ||
| 003 | BDDh-ASL | ||
| 005 | 20231015030254.0 | ||
| 008 | 720815s1964 mau 000 0 eng | ||
| 010 | _a 63017207 | ||
| 015 | _aGB64-7374 | ||
| 035 | _a(OCoLC)382872 | ||
| 040 |
_aDLC _cODaWU _dUk _dDLC _dBDDh-ASL |
||
| 042 | _apremarc | ||
| 050 | 0 | 0 |
_aBP70 _b.N36 |
| 082 |
_a921 _bNAT |
||
| 100 | 1 | _aNasr, Seyyed Hossein. | |
| 245 | 1 | 0 | _aThree Muslim sages: Avicenna, Suhrawardī, Ibn ʻArabī / |
| 260 |
_aCambridge : _bHarvard University Press, _c1964. |
||
| 300 |
_a185 p. : _c21 cm. |
||
| 440 | 0 | _aHarvard studies in world religions | |
| 600 | 0 | 0 |
_aAvicenna, _d980-1037. |
| 600 | 1 | 0 |
_aSuhrawardī, Yaḥyá ibn Ḥabash, _d1152 or 1153-1191. |
| 600 | 0 | 0 |
_aIbn al-ʻArabī, _d1165-1240. |
| 650 | 0 |
_aMuslim scholars _vBiography. |
|
| 906 |
_a7 _bcbc _coclcrpl _du _encip _f19 _gy-gencatlg |
||
| 942 |
_2ddc _cBK |
||